logo

Bir Sreshtho Munshi Abdur Rouf Library
Jhenaidah Cadet College

অবন্ধ প্রবন্ধ যত / (Record no. 1685)

MARC details
000 -LEADER
fixed length control field 00728nam a22002417a 4500
001 - CONTROL NUMBER
JCCL Control Number 1685
003 - CONTROL NUMBER IDENTIFIER
JCCL marc code BD-JhCC
005 - DATE AND TIME OF LATEST TRANSACTION
control field 20171023140334.0
008 - FIXED-LENGTH DATA ELEMENTS--GENERAL INFORMATION
fixed length control field 171023s2010 bg |||| ||a| 00| 0 b d
020 ## - INTERNATIONAL STANDARD BOOK NUMBER
International Standard Book Number 9789848765326
035 ## - SYSTEM CONTROL NUMBER
system control number (BD-JhCC)1685
040 ## - CATALOGING SOURCE
Original cataloging agency BD-JhCC
Modifying agency BD-JhCC
041 ## - LANGUAGE CODE
Language code of Book ben
082 ## - DEWEY DECIMAL CLASSIFICATION NUMBER
Classification number 891.4435
Author mark and Year GUN 2010
100 ## - MAIN ENTRY--PERSONAL NAME
Personal name গুণ, নির্মলেন্দু
245 ## - TITLE STATEMENT
Title অবন্ধ প্রবন্ধ যত /
Statement of responsibility, etc নির্মলেন্দু গুণ
260 ## - PUBLICATION, DISTRIBUTION, ETC. (IMPRINT)
Place of publication, distribution, etc ঢাকা :
Name of publisher, distributor, etc প্রথমা প্রকাশন,
Date of publication, distribution, etc 2010.
300 ## - PHYSICAL DESCRIPTION
Pagination 88 p. :
Dimensions 21 cm.
650 ## - SUBJECT ADDED ENTRY--TOPICAL TERM
Topical term or geographic name as entry element Shotrt stories, Bengali
651 ## - SUBJECT ADDED ENTRY--GEOGRAPHIC NAME
Geographic name Short stories, Bengali
942 ## - ADDED ENTRY ELEMENTS (KOHA)
Source of classification or shelving scheme Dewey Decimal Classification
Koha item type Books
Holdings
Source of classification or shelving scheme Damaged status Not for loan Home library Current library Date of accession Cost, normal purchase price Total Checkouts Full call number Barcode Date last seen Copy number Koha item type
Dewey Decimal Classification     JCC Rouf Library JCC Rouf Library 10/24/2017 120.00   891.4435 GUN 2010 3097 10/23/2017 C-1 Books

JCC Library | Contacts | JCC Home

Last Update on 23 September 2017
Copyright @ 2017-2020 JCC Rouf Library
Rouf Library, Jhenidah Cadet College (JCC), Bangladesh